Estadísticas para Estaciones del Metro de Barcelona en un Mapa

Haz click aquí para tomar la prueba!

Estadísticas generales

  • Esta prueba ha sido tomada 1.088 veces
  • La puntuación promedio es 59 de 149

Respuestas en el mapa

Las respuestas están codificadas por una escala verde-roja en el mapa de la prueba según el % correcto abajo.
Cargando...
 

Estadísticas de respuestas

LíneasEstaciones% Correcto
L1, L3, L6, L7Catalunya
86%
L1, L3, L8Espanya
79%
L1, L5Plaça de Sants
78%
L3, L5Sants Estació
77%
L2, L5Sagrada Familia
74%
L3, L5Diagonal
72%
L4Barceloneta
72%
L1, L4Urquinaona
70%
L1, L2Universitat
69%
L2, L3Paral·lel
64%
L9 SudAeroport T2
63%
L9 SudAeroport T1
63%
L2, L3, L4Passeig de Gràcia
63%
L6, L7Gràcia
62%
L3Liceu
59%
L5Badal
59%
L3Drassanes
59%
L1Arc de Triomf
59%
L3Maria Cristina
58%
L3, L9 SudZona Universitària
56%
L1, L9 NordFondo
55%
L3Poble Sec
55%
L3Tarragona
55%
L1, L2Clot
55%
L3, L5Vall d'Hebron
54%
L4Poblenou
54%
L4Ciutadella | Vila Olímpica
54%
L2Badalona Pompeu Fabra
54%
L3, L4, L11Trinitat Nova
53%
L3Lesseps
52%
L1Bellvitge
52%
L1Marina
52%
L4Girona
52%
L1, L5, L9 Nord, L10La Sagrera
52%
L1Glòries
52%
L4Jaume I
50%
L5Hospital Clínic
50%
L1Urgell
50%
L3Palau Reial
49%
L4, L5Verdaguer
49%
L3Les Corts
49%
L6, L12Sarrià
49%
L1Rocafort
48%
L7Avinguda Tibidabo
48%
L1Sant Andreu
48%
L9 SudEl Prat Estació
47%
L3Fontana
46%
L4Bogatell
44%
L5Sant Pau | Dos de Maig
44%
L1Hospital de Bellvitge
44%
L2, L4La Pau
44%
L2Sant Antoni
44%
L3Plaça del Centre
43%
L5Horta
43%
L4El Maresme | Fòrum
43%
L1Santa Coloma
43%
L4Alfons X
43%
L1Navas
43%
L1Fabra i Puig
42%
L5, L9 SudCollblanc
42%
L2Tetuan
42%
L4Joanic
42%
L4Guinardó
Hospital de Sant Pau
42%
L4, L5Maragall
42%
L4Besòs
42%
L6, L7Provença
41%
L5Cornellà Centre
41%
L2Monumental
40%
L3Vallcarca
40%
L1Hostafrancs
40%
L8, L9 SudEuropa | Fira
40%
L1Trinitat Vella
40%
L5Entença
39%
L1Santa Eulàlia
38%
L1, L9 SudTorrassa
38%
L2Artigues | Sant Adrià
37%
L4Llacuna
36%
L3Mundet
36%
L6Sant Gervasi
36%
L1Mercat Nou
36%
L12Reina Elisenda
35%
L3Penitents
35%
L5El Carmel
34%
L6Muntaner
34%
L3Montbau
33%
L9 SudFira
33%
L2Encants
33%
L2, L10Gorg
32%
L2Sant Martí
31%
L4Besòs Mar
31%
L4Selva de Mar
31%
L5Camp de l'Arpa
31%
L2Verneda
30%
L6Les Tres Torres
30%
L5Virrei Amat
30%
L2Bac de Roda
30%
L1Florida
30%
L9 SudMercabarna
30%
L3Roquetes
30%
L3Valldaura
29%
L3Canyelles
29%
L7Plaça Molina
29%
L1, L8Avinguda Carrilet
29%
L9 NordCan Zam
28%
L1Torras i Bages
28%
L4Llucmajor
28%
L8Sant Boi
27%
L2Pep Ventura
27%
L6La Bonanova
27%
L7El Putxet
27%
L5Vilapicina
27%
L5El Coll | La Teixonera
26%
L11Ciutat Meridiana
26%
L11Torre Baró | Vallbona
26%
L4Via Júlia
26%
L1Can Serra
26%
L8Magòria-La Campana
26%
L7Pàdua
26%
L5Sant Ildefons
25%
L1Rambla Just Oliveras
25%
L5Congrés
25%
L2Sant Roc
25%
L9 SudCan Tries | Gornal
25%
L9 Nord, L10Bon Pastor
25%
L1Baró de Viver
25%
L5Pubilla Cases
25%
L5Can Vidalet
25%
L9 Nord, L10Onze de Setembre
24%
L10La Salut
23%
L8Ildefons Cerdà
23%
L5Can Boixeres
23%
L9 NordSinguerlín
23%
L9 SudMas Blau
22%
L8Gornal
22%
L5Gavarra
21%
L9 SudParc Logístic
21%
L8Moli Nou
Ciutat Cooperativa
21%
L9 SudCéntric
20%
L9 SudLes Moreres
20%
L9 NordEsglésia Major
20%
L10Llefià
20%
L8Cornellà Riera
20%
L8Almeda
20%
L9 SudParc Nou
19%
L9 NordCan Peixauet
19%
L11Casa de l'Aigua
19%
L11Can Cuiàs
19%
L8Sant Josep
18%
L9 NordSanta Rosa
18%

Distribución de puntuación

Porcentaje por número respondido

Porcentaje de gente con cada puntuación

Historial de tus puntuaciones

No has tomado esta prueba